| 000 | 00470nam a2200181Ia 4500 | ||
|---|---|---|---|
| 003 | GCL | ||
| 008 | 140319s9999 xx 000 0 ara d | ||
| 040 |
_aGCL / _cGCL |
||
| 082 | 0 | 4 |
_a792.092 _bف خ |
| 100 | 1 | _aفتوح نشاطى | |
| 245 | 1 | 0 |
_aخمسون عاما فى خدمة المسرح / _cفتوح نشاطى |
| 300 | _a247 ص | ||
| 490 | _a | ||
| 650 | 0 | 4 | _aالتراجم |
| 650 | 0 | 4 | _aالفنانون |
| 650 | 0 | 4 | _aفتوح نشاطى |
| 942 |
_2ddc _cBK |
||
| 999 |
_c41162 _d41162 |
||